UK property taxes among highest in the world (Record no. 71095)
[ view plain ]
| 000 -LEADER | |
|---|---|
| fixed length control field | 01028cam a2200229 4500 |
| 001 - CONTROL NUMBER | |
| control field | WB3832-19 |
| 008 - FIXED-LENGTH DATA ELEMENTS--GENERAL INFORMATION | |
| fixed length control field | 020905n2002 000 0 eng u |
| 035 ## - SYSTEM CONTROL NUMBER | |
| System control number | (Sirsi) u119577 |
| 245 ## - TITLE STATEMENT | |
| Title | UK property taxes among highest in the world |
| 260 ## - PUBLICATION, DISTRIBUTION, ETC. | |
| Date of publication, distribution, etc. | 2002 |
| 490 ## - SERIES STATEMENT | |
| Series statement | RICS Corporate Occupiers Group News |
| Volume/sequential designation | 5 September 2002 (1) |
| 520 ## - SUMMARY, ETC. | |
| Summary, etc. | New figures from the Organisation for Economic Co-operation and Development (OECD) claim that government is earning £40bn annually from British property taxes. Annual tax revenue from the UK property industry provides as much as 4% of the national income, higher than in France, Germany, Italy and the US. Only Luxembourg taxes the sector as highly. The taxation is double the EU average for property taxation, which is currently 2%. OECD website http://www.oecd.org |
| 590 ## - LOCAL NOTE (RLIN) | |
| Local note | WB |
| 650 ## - SUBJECT ADDED ENTRY--TOPICAL TERM | |
| Topical term or geographic name entry element | OECD |
| 650 ## - SUBJECT ADDED ENTRY--TOPICAL TERM | |
| Topical term or geographic name entry element | UNITED KINGDOM |
| 650 ## - SUBJECT ADDED ENTRY--TOPICAL TERM | |
| Topical term or geographic name entry element | PROPERTY TAXATION |
| 650 ## - SUBJECT ADDED ENTRY--TOPICAL TERM | |
| Topical term or geographic name entry element | EU |
| 650 ## - SUBJECT ADDED ENTRY--TOPICAL TERM | |
| Topical term or geographic name entry element | BUSINESS RATES |
| 650 ## - SUBJECT ADDED ENTRY--TOPICAL TERM | |
| Topical term or geographic name entry element | STAMP DUTY |
| 690 ## - LOCAL SUBJECT ADDED ENTRY--TOPICAL TERM (OCLC, RLIN) | |
| Topical term or geographic name as entry element | TAXATION |
| 942 ## - ADDED ENTRY ELEMENTS (KOHA) | |
| Suppress in OPAC | 0 |
| Withdrawn status | Lost status | Source of classification or shelving scheme | Damaged status | Not for loan | Home library | Current library | Shelving location | Date acquired | Total Checkouts | Full call number | Barcode | Date last seen | Copy number | Price effective from | Koha item type |
|---|---|---|---|---|---|---|---|---|---|---|---|---|---|---|---|
| Dewey Decimal Classification | London | London | News article | 05/09/2002 | WB3832-19 | 119577-1001 | 06/08/2019 | 1 | 06/08/2019 | News article |